[Event "GBR-ch89"]
[Site "Torquay"]
[Date "2002.08.02"]
[Round "5"]
[White "Muir, Andrew J"]
[Black "Gormally, Daniel W"]
[Result "1/2-1/2"]
[WhiteElo "2294"]
[BlackElo "2525"]
[PlyCount "46"]
[EventDate "2002.07.29"]
[EventType "swiss"]
[EventRounds "11"]
[EventCountry "GBR"]
[SourceTitle "BritBase"]
[Source "John Saunders"]
[SourceDate "2008.07.14"]
[SourceVersion "1"]
[SourceVersionDate "2008.07.14"]
[SourceQuality "2"]

1. d4 Nf6 2. c4 g6 3. Nc3 Bg7 4. e4 d6 5. f3 O-O 6. Be3 Nc6 7. Qd2 a6 8. Nge2
Rb8 9. Nc1 e5 10. Nb3 exd4 11. Nxd4 Nxd4 12. Bxd4 c6 13. a4 Be6 14. Be2 Qa5 15.
O-O Rfd8 16. Rfd1 Qb4 17. a5 d5 18. cxd5 cxd5 19. Bxf6 Bxf6 20. Nxd5 Qxb2 21.
Nxf6+ Qxf6 22. Qb4 Rxd1+ 23. Rxd1 Rd8 1/2-1/2

[Event "GBR-ch89"]
[Site "Torquay"]
[Date "2002.08.02"]
[Round "5"]
[White "Ramesh, RB"]
[Black "Emms, John M"]
[Result "1-0"]
[WhiteElo "2456"]
[BlackElo "2544"]
[PlyCount "55"]
[EventDate "2002.07.29"]
[EventType "swiss"]
[EventRounds "11"]
[EventCountry "GBR"]
[SourceTitle "BritBase"]
[Source "John Saunders"]
[SourceDate "2008.07.14"]
[SourceVersion "1"]
[SourceVersionDate "2008.07.14"]
[SourceQuality "2"]

1. e4 c5 2. Nf3 e6 3. d4 cxd4 4. Nxd4 a6 5. Bd3 Bc5 6. Nb3 Ba7 7. c4 Nc6 8. Nc3
d6 9. O-O Nf6 10. Kh1 O-O 11. f4 Qc7 12. Bd2 Nd4 13. Rc1 Nxb3 14. axb3 Bd7 15.
g4 Bc6 16. g5 Ne8 17. b4 Qe7 18. b5 axb5 19. cxb5 Bd7 20. e5 f5 21. gxf6 gxf6
22. Ne4 dxe5 23. fxe5 f5 24. Bh6 Ng7 25. Nf6+ Kh8 26. Qf3 Rac8 27. Qxb7 Rcd8
28. Rc7 1-0

[Event "GBR-ch89"]
[Site "Torquay"]
[Date "2002.08.02"]
[Round "5"]
[White "Richards, Heather"]
[Black "Shaw, David A"]
[Result "1/2-1/2"]
[WhiteElo "2275"]
[BlackElo "2190"]
[PlyCount "96"]
[EventDate "2002.07.29"]
[EventType "swiss"]
[EventRounds "11"]
[EventCountry "GBR"]
[SourceTitle "BritBase"]
[Source "John Saunders"]
[SourceDate "2008.07.14"]
[SourceVersion "1"]
[SourceVersionDate "2008.07.14"]
[SourceQuality "2"]

1. e4 e6 2. d4 d5 3. Nc3 Bb4 4. e5 c5 5. Bd2 Ne7 6. f4 O-O 7. Nf3 cxd4 8. Nb5
Bc5 9. Bd3 f6 10. b4 Bb6 11. Nd6 Nf5 12. Nxf5 exf5 13. O-O fxe5 14. Nxe5 Nc6
15. Nf3 Bd7 16. Kh1 Qf6 17. Qe1 Rae8 18. Qf2 Nd8 19. a4 a6 20. b5 a5 21. Rae1
Nf7 22. Rxe8 Rxe8 23. Re1 Rxe1+ 24. Qxe1 Bc7 25. g3 b6 26. Qf2 Nd6 27. Qxd4
Qxd4 28. Nxd4 Ne4 29. Be3 g6 30. Bxe4 dxe4 31. Kg1 Kf7 32. Kf2 Be6 33. Ke1 Bd5
34. Ne2 Ke7 35. Kd2 Bc4 36. Nc3 Kd6 37. Bd4 Bd8 38. Nd1 Bg8 39. Ne3 Kc7 40. h3
Be7 41. Be5+ Kc8 42. g4 Be6 43. Ke2 Bc5 44. gxf5 gxf5 45. Kd2 Kd7 46. Nf1 Bc4
47. Ne3 Be6 48. Nf1 Bc4 1/2-1/2

[Event "GBR-ch89"]
[Site "Torquay"]
[Date "2002.08.02"]
[Round "5"]
[White "Rowson, Jonathan"]
[Black "Tan, Desmond"]
[Result "1-0"]
[WhiteElo "2545"]
[BlackElo "2292"]
[PlyCount "57"]
[EventDate "2002.07.29"]
[EventType "swiss"]
[EventRounds "11"]
[EventCountry "GBR"]
[SourceTitle "BritBase"]
[Source "John Saunders"]
[SourceDate "2008.07.14"]
[SourceVersion "1"]
[SourceVersionDate "2008.07.14"]
[SourceQuality "2"]

1. e4 c5 2. Nf3 d6 3. d4 cxd4 4. Nxd4 Nf6 5. Nc3 g6 6. Be3 Bg7 7. f3 O-O 8. Qd2
Nc6 9. Bc4 Bd7 10. O-O-O Qa5 11. Kb1 Rfc8 12. Bb3 Ne5 13. h4 Nc4 14. Bxc4 Rxc4
15. Nb3 Qc7 16. g4 Be6 17. h5 b5 18. Nxb5 Qb8 19. N5d4 a5 20. hxg6 a4 21. Nxe6
fxe6 22. gxh7+ Kh8 23. Nd4 Nd7 24. c3 Nc5 25. Bh6 Be5 26. Rh5 a3 27. b3 Bxd4
28. cxd4 Nxb3 29. Bg7+ 1-0

[Event "GBR-ch89"]
[Site "Torquay"]
[Date "2002.08.02"]
[Round "5"]
[White "Rudd, Jack"]
[Black "Cox, John J"]
[Result "1-0"]
[WhiteElo "2139"]
[BlackElo "2311"]
[PlyCount "61"]
[EventDate "2002.07.29"]
[EventType "swiss"]
[EventRounds "11"]
[EventCountry "GBR"]
[SourceTitle "BritBase"]
[Source "John Saunders"]
[SourceDate "2008.07.14"]
[SourceVersion "1"]
[SourceVersionDate "2008.07.14"]
[SourceQuality "2"]

1. e4 e6 2. d4 d5 3. Nd2 Nf6 4. e5 Nfd7 5. f4 c5 6. c3 Nc6 7. Ndf3 cxd4 8. cxd4
h5 9. a3 a5 10. Bd3 Nb6 11. Ne2 Bd7 12. O-O a4 13. Bd2 Na5 14. Bxa5 Rxa5 15.
Qe1 Ra8 16. f5 exf5 17. Nf4 Rh6 18. e6 fxe6 19. Bxf5 Qf6 20. Bxe6 Qxf4 21.
Bxd7+ Kd8 22. Bb5 Be7 23. Ne5 Qxd4+ 24. Kh1 Bd6 25. Nf7+ Kc7 26. Rc1+ Nc4 27.
Nxh6 gxh6 28. Bxc4 dxc4 29. Qe6 b5 30. Rcd1 Rf8 31. Rf7+ 1-0

[Event "GBR-ch89"]
[Site "Torquay"]
[Date "2002.08.02"]
[Round "5"]
[White "Saravanan, Venkat"]
[Black "Snape, Ian L"]
[Result "1/2-1/2"]
[WhiteElo "2385"]
[BlackElo "2202"]
[PlyCount "83"]
[EventDate "2002.07.29"]
[EventType "swiss"]
[EventRounds "11"]
[EventCountry "GBR"]
[SourceTitle "BritBase"]
[Source "John Saunders"]
[SourceDate "2008.07.14"]
[SourceVersion "1"]
[SourceVersionDate "2008.07.14"]
[SourceQuality "2"]

1. Nf3 Nf6 2. c4 g6 3. Nc3 Bg7 4. e4 d6 5. d4 O-O 6. Be2 e5 7. Be3 Nc6 8. d5
Ne7 9. Nd2 Nd7 10. b4 f5 11. f3 a6 12. a4 a5 13. bxa5 Rxa5 14. Nb3 Ra8 15. c5
fxe4 16. fxe4 Nxc5 17. Nxc5 dxc5 18. Bxc5 b6 19. Be3 Ba6 20. Bxa6 Rxa6 21. Qb3
Kh8 22. Rf1 Nc8 23. Rxf8+ Bxf8 24. Kf1 Nd6 25. Kg1 Qh4 26. Rf1 Ra8 27. Qc2 Bh6
{(=)} 28. Bf2 Qe7 29. Nb5 Nxb5 30. axb5 Rf8 31. Qc3 Kg8 32. Ra1 Qf7 33. Ra2 Bg7
34. Rc2 Ra8 35. Bg3 Ra5 36. Bxe5 Rxb5 37. Bxg7 Rb1+ 38. Rc1 Rxc1+ 39. Qxc1 Qxg7
40. Qc4 Kf8 41. Qb4+ Ke8 42. Qa4+ 1/2-1/2

[Event "GBR-ch89"]
[Site "Torquay"]
[Date "2002.08.02"]
[Round "5"]
[White "Sasikiran, Krishnan"]
[Black "Summerscale, Aaron"]
[Result "1/2-1/2"]
[WhiteElo "2650"]
[BlackElo "2509"]
[PlyCount "75"]
[EventDate "2002.07.29"]
[EventType "swiss"]
[EventRounds "11"]
[EventCountry "GBR"]
[SourceTitle "BritBase"]
[Source "John Saunders"]
[SourceDate "2008.07.14"]
[SourceVersion "1"]
[SourceVersionDate "2008.07.14"]
[SourceQuality "2"]

1. d4 Nf6 2. c4 g6 3. Nc3 d5 4. cxd5 Nxd5 5. e4 Nxc3 6. bxc3 c5 7. Nf3 Bg7 8.
Rb1 O-O 9. Be2 cxd4 10. cxd4 Qa5+ 11. Bd2 Qxa2 12. O-O Bg4 13. Bg5 h6 14. Be3
Nc6 15. d5 Na5 16. Bc5 b6 17. Bxe7 Rfe8 18. d6 Qe6 19. h3 Bxf3 20. Bxf3 Nc6 21.
e5 Nxe7 22. Bxa8 Rxa8 23. dxe7 Qxe7 24. f4 Rd8 25. Qb3 g5 26. fxg5 hxg5 27. Rf5
Bxe5 28. Re1 Bd4+ 29. Kf1 Qc7 30. Rxg5+ Kf8 31. Rf5 Qd7 32. Rf3 Bc5 33. Re5 a5
34. Qc4 a4 35. Re1 a3 36. g4 Qd5 37. Qxd5 Rxd5 38. Ra1 1/2-1/2

[Event "GBR-ch89"]
[Site "Torquay"]
[Date "2002.08.02"]
[Round "5"]
[White "Sherwin, James"]
[Black "Mutton, Jonathan"]
[Result "1-0"]
[WhiteElo "2344"]
[BlackElo "2211"]
[PlyCount "68"]
[EventDate "2002.07.29"]
[EventType "swiss"]
[EventRounds "11"]
[EventCountry "GBR"]
[SourceTitle "BritBase"]
[Source "John Saunders"]
[SourceDate "2008.07.14"]
[SourceVersion "1"]
[SourceVersionDate "2008.07.14"]
[SourceQuality "2"]

1. Nf3 c5 2. b3 Nc6 3. Bb2 d6 4. e4 Nf6 5. Nc3 a6 6. d4 cxd4 7. Nxd4 e5 8. Nf3
Be7 9. Be2 O-O 10. O-O b5 11. a3 h6 12. Re1 Ne8 13. h3 Be6 14. a4 b4 15. Nd5 f5
16. exf5 Bxf5 17. Bd3 Nc7 18. Bxf5 Rxf5 19. Qd3 Rf7 20. Rad1 Nxd5 21. Qxd5 Rc8
22. Re4 Qa5 23. Qe6 Rc7 24. Rd5 Qb6 25. Rc4 Nd8 26. Qg4 Rxc4 27. Qxc4 Qc6 28.
Nd2 Qxc4 29. Nxc4 Nb7 30. Bc1 Bd8 31. Bd2 a5 32. c3 bxc3 33. Bxc3 Nc5 34. Nxd6
Rd7 1-0

[Event "GBR-ch89"]
[Site "Torquay"]
[Date "2002.08.02"]
[Round "5"]
[White "Sowray, Peter J"]
[Black "Addison, Bret C"]
[Result "1/2-1/2"]
[WhiteElo "2330"]
[BlackElo "2219"]
[PlyCount "107"]
[EventDate "2002.07.29"]
[EventType "swiss"]
[EventRounds "11"]
[EventCountry "GBR"]
[SourceTitle "BritBase"]
[Source "John Saunders"]
[SourceDate "2008.07.14"]
[SourceVersion "1"]
[SourceVersionDate "2008.07.14"]
[SourceQuality "2"]

1. e4 e6 2. Qe2 c5 3. Nf3 Nc6 4. g3 g6 5. Bg2 Bg7 6. O-O Nge7 7. c3 d5 8. e5
Nf5 9. d3 b6 10. Bf4 Qc7 11. Re1 Ba6 12. Nbd2 h6 13. h4 Rd8 14. Nf1 Rd7 15. Qd2
d4 16. c4 b5 17. b3 h5 18. Qe2 bxc4 19. bxc4 Bb7 20. Rab1 O-O 21. Rb5 Nb4 22.
a3 Na6 23. N1d2 Bc6 24. Rbb1 Rb8 25. Ne4 Qc8 26. Nfg5 Rdb7 27. Rxb7 Rxb7 28.
Bf3 Rb3 29. Nd6 Nxd6 30. exd6 Bxf3 31. Qxf3 Qb7 32. Qe2 Qd7 33. Be5 f6 34. Bxf6
Bxf6 35. Qxe6+ Qxe6 36. Rxe6 Bxg5 37. hxg5 Nb8 38. Rxg6+ Kf7 39. Rf6+ Kg7 40.
Re6 Rxd3 41. Re7+ Kg6 42. Rb7 Nc6 43. Rc7 Nb8 44. Rxc5 Rc3 45. Rd5 Nd7 46. Rxd4
Rxa3 47. Rd5 Ra6 48. f4 Rc6 49. Rd4 a5 50. Kf2 a4 51. c5 Rxc5 52. Rxa4 Rd5 53.
Ra6 Kf5 54. Rc6 1/2-1/2

[Event "GBR-ch89"]
[Site "Torquay"]
[Date "2002.08.02"]
[Round "5"]
[White "Swathi, Ghate"]
[Black "McDonald, Neil R"]
[Result "1/2-1/2"]
[WhiteElo "2234"]
[BlackElo "2396"]
[PlyCount "44"]
[EventDate "2002.07.29"]
[EventType "swiss"]
[EventRounds "11"]
[EventCountry "GBR"]
[SourceTitle "BritBase"]
[Source "John Saunders"]
[SourceDate "2008.07.14"]
[SourceVersion "1"]
[SourceVersionDate "2008.07.14"]
[SourceQuality "2"]

1. e4 e6 2. d4 d5 3. e5 c5 4. c3 Nc6 5. Nf3 Bd7 6. Be2 Nge7 7. Na3 cxd4 8. cxd4
Nf5 9. Nc2 Qa5+ 10. Bd2 Qb6 11. Bc3 Be7 12. Bd3 O-O 13. O-O f6 14. Bxf5 exf5
15. Re1 f4 16. Qd2 g5 17. exf6 Bxf6 18. Ne5 Bf5 19. Nb4 Nxb4 20. Bxb4 Rfe8 21.
Rac1 Rac8 22. Bc3 Qa6 1/2-1/2

[Event "GBR-ch89"]
[Site "Torquay"]
[Date "2002.08.02"]
[Round "5"]
[White "Taylor, Peter P"]
[Black "Berry, Neil"]
[Result "0-1"]
[WhiteElo "2224"]
[BlackElo "2255"]
[PlyCount "64"]
[EventDate "2002.07.29"]
[EventType "swiss"]
[EventRounds "11"]
[EventCountry "GBR"]
[SourceTitle "BritBase"]
[Source "John Saunders"]
[SourceDate "2008.07.14"]
[SourceVersion "1"]
[SourceVersionDate "2008.07.14"]
[SourceQuality "2"]

1. c4 e5 2. g3 Nf6 3. Bg2 c6 4. d4 Bb4+ 5. Bd2 Bxd2+ 6. Qxd2 d6 7. e3 O-O 8.
Ne2 Re8 9. Nbc3 e4 10. h3 h5 11. O-O-O b5 12. cxb5 cxb5 13. f3 Bb7 14. Nxe4
Nxe4 15. fxe4 Nd7 16. Nc3 Nb6 17. Rhf1 b4 18. Nd5 Nxd5 19. exd5 Qa5 20. Kb1
Bxd5 21. Bxd5 Qxd5 22. Rf4 b3 23. axb3 Qxb3 24. Re1 Rab8 25. Rf5 g6 26. Ra5 Rb7
27. Re2 Qe6 28. h4 Qe4+ 29. Qc2 Qf3 30. Rg5 Reb8 31. Qd3 Qf1+ 32. Ka2 Rxb2+ 0-1

[Event "GBR-ch89"]
[Site "Torquay"]
[Date "2002.08.02"]
[Round "5"]
[White "Thomas, Nicholas"]
[Black "Evans-Quek, Debbie"]
[Result "1-0"]
[WhiteElo "2248"]
[BlackElo "2069"]
[PlyCount "33"]
[EventDate "2002.07.29"]
[EventType "swiss"]
[EventRounds "11"]
[EventCountry "GBR"]
[SourceTitle "BritBase"]
[Source "John Saunders"]
[SourceDate "2008.07.14"]
[SourceVersion "1"]
[SourceVersionDate "2008.07.14"]
[SourceQuality "2"]

1. e4 g6 2. Nc3 Bg7 3. g3 d6 4. Bg2 Nd7 5. d3 h5 6. h3 c6 7. f4 e6 8. a4 a5 9.
Be3 Ne7 10. Nf3 Qc7 11. Qd2 Rb8 12. Ba7 Ra8 13. Bd4 Bxd4 14. Nxd4 Nc5 15. Qf2
Na6 16. Nf3 Bd7 17. Qd4 1-0

[Event "GBR-ch89"]
[Site "Torquay"]
[Date "2002.08.02"]
[Round "5"]
[White "Trent, Lawrence"]
[Black "Buckley, Melanie"]
[Result "1-0"]
[WhiteElo "2246"]
[BlackElo "2184"]
[PlyCount "45"]
[EventDate "2002.07.29"]
[EventType "swiss"]
[EventRounds "11"]
[EventCountry "GBR"]
[SourceTitle "BritBase"]
[Source "John Saunders"]
[SourceDate "2008.07.14"]
[SourceVersion "1"]
[SourceVersionDate "2008.07.14"]
[SourceQuality "2"]

1. f4 d5 2. b3 c5 3. Bb2 Nc6 4. Nf3 Nf6 5. e3 Bg4 6. Bb5 h5 7. O-O e6 8. h3
Bxf3 9. Qxf3 h4 10. c4 Qd7 11. Nc3 Be7 12. cxd5 Nxd5 13. Nxd5 exd5 14. Rac1 Rc8
15. Kh1 a6 16. Bd3 Kf8 17. Bb1 b6 18. d4 cxd4 19. e4 Bf6 20. exd5 Ne7 21. d6
Nf5 22. Rxc8+ Qxc8 23. Bxf5 1-0

[Event "GBR-ch89"]
[Site "Torquay"]
[Date "2002.08.02"]
[Round "5"]
[White "Vijayalakshmi, Subbaraman"]
[Black "Howell, David W"]
[Result "1-0"]
[WhiteElo "2399"]
[BlackElo "2211"]
[PlyCount "141"]
[EventDate "2002.07.29"]
[EventType "swiss"]
[EventRounds "11"]
[EventCountry "GBR"]
[SourceTitle "BritBase"]
[Source "John Saunders"]
[SourceDate "2008.07.14"]
[SourceVersion "1"]
[SourceVersionDate "2008.07.14"]
[SourceQuality "2"]

1. c4 e5 2. g3 Nc6 3. Bg2 g6 4. Nf3 Bg7 5. O-O d6 6. Nc3 f5 7. d3 Nf6 8. Nd5
O-O 9. Bg5 Ne7 10. Nxf6+ Bxf6 11. Bxf6 Rxf6 12. c5 Nc6 13. Qb3+ Kg7 14. cxd6
cxd6 15. Rfc1 d5 16. Rc5 Rd6 17. Rac1 e4 18. Ne1 Qb6 19. Rb5 Qd8 20. Rbc5 Qb6
21. Qc3+ Kg8 22. b4 a6 23. Nc2 Bd7 24. a4 Re8 25. b5 d4 26. Qa3 Na7 27. a5 Qd8
28. b6 Nb5 29. Qb3+ Kg7 30. Qb2 Qf6 31. Bf1 exd3 32. exd3 Bc6 33. Nb4 Nc3 34.
Qb3 Bf3 35. Rc7+ Re7 36. Re1 Rdd7 37. Rxe7+ Qxe7 38. Qc4 Kf8 39. Nc2 Nb5 40.
Rc8+ Rd8 41. Bg2 Bxg2 42. Kxg2 Rxc8 43. Qxc8+ Kg7 44. Qc4 Qd7 45. Na1 Kf6 46.
Nb3 Ke7 47. Qg8 Kd6 48. Qf8+ Kd5 49. Qf6 Qc6 50. Qe7 h5 51. Kh3 Nd6 52. f4 Qe8
53. Qxe8 Nxe8 54. Kh4 Nf6 55. Kg5 Ng4 56. Kxg6 Nxh2 57. Kxh5 Nf1 58. Kh4 Ne3
59. Kg5 Nf1 60. Kxf5 Nxg3+ 61. Kg5 Nh1 62. f5 Nf2 63. f6 Kd6 64. Nc5 Nh3+ 65.
Kg4 Nf2+ 66. Kf3 Nh3 67. Nxb7+ Kc6 68. Nd8+ Kd7 69. b7 Kc7 70. Kg4 Nf2+ 71. Kf5
1-0

[Event "GBR-ch89"]
[Site "Torquay"]
[Date "2002.08.02"]
[Round "5"]
[White "Wall, Gavin"]
[Black "Wheeler, John F"]
[Result "1-0"]
[WhiteElo "2367"]
[BlackElo "2235"]
[PlyCount "61"]
[EventDate "2002.07.29"]
[EventType "swiss"]
[EventRounds "11"]
[EventCountry "GBR"]
[SourceTitle "BritBase"]
[Source "John Saunders"]
[SourceDate "2008.07.14"]
[SourceVersion "1"]
[SourceVersionDate "2008.07.14"]
[SourceQuality "2"]

1. e4 e5 2. Nf3 Nf6 3. Nc3 Nc6 4. d4 exd4 5. Nxd4 Bc5 6. Be3 Nxd4 7. Bxd4 Bxd4
8. Qxd4 d6 9. O-O-O O-O 10. e5 Ng4 11. f4 Be6 12. h3 Qh4 13. g3 dxe5 14. Qg1
Qf6 15. hxg4 exf4 16. Bd3 h6 17. Rf1 Bxg4 18. Rxf4 Qe6 19. Rh4 Bh3 20. Bc4 Qd7
21. g4 Rad8 22. Rf2 Qd4 23. Rxh3 Qxc4 24. g5 hxg5 25. Qxg5 Qe6 26. Rh1 f6 27.
Qg3 Rd4 28. Rg2 Rf7 29. Qh2 Kf8 30. Qh8+ Ke7 31. Re2 1-0

[Event "GBR-ch89"]
[Site "Torquay"]
[Date "2002.08.02"]
[Round "5"]
[White "Webb, Laurence E"]
[Black "Littlewood, Paul E"]
[Result "0-1"]
[WhiteElo "2262"]
[BlackElo "2401"]
[PlyCount "70"]
[EventDate "2002.07.29"]
[EventType "swiss"]
[EventRounds "11"]
[EventCountry "GBR"]
[SourceTitle "BritBase"]
[Source "John Saunders"]
[SourceDate "2024.07.22"]
[SourceVersion "1"]
[SourceVersionDate "2024.07.22"]
[SourceQuality "1"]

1. e4 c5 2. Nf3 d6 3. Bb5+ Bd7 4. Bxd7+ Qxd7 5. c4 g6 6. d4 Bg7 7. Nc3 Nc6 8. Be3 cxd4 9. Nxd4 Nf6 10. f3 O-O 11. O-O Rac8 12. b3 Rfd8 13. Qd2 e6 14. Rad1 d5 15. exd5 exd5 16. Nxc6 bxc6 17. cxd5 Nxd5 18. Nxd5 cxd5 19. Bg5 Bc3 20. Qd3 f6 21. Bd2 Be5 22. f4 Bc7 23. Kh1 Bb6 24. f5 g5 25. Rfe1 Re8 26. h3 Qd6 27. g3 Bf2 28. Rxe8+ Rxe8 29. Kg2 Bb6 30. Bc1 Re5 31. Bd2 Kg7 32. b4 Qd7 33. Rf1 Qe8 34. Kh1 Re2 35. g4 Qe5 0-1

[Event "GBR-ch89"]
[Site "Torquay"]
[Date "2002.08.02"]
[Round "5"]
[White "Wells, Peter K"]
[Black "Pert, Nicholas"]
[Result "1/2-1/2"]
[WhiteElo "2479"]
[BlackElo "2460"]
[PlyCount "84"]
[EventDate "2002.07.29"]
[EventType "swiss"]
[EventRounds "11"]
[EventCountry "GBR"]
[SourceTitle "BritBase"]
[Source "John Saunders"]
[SourceDate "2008.07.14"]
[SourceVersion "1"]
[SourceVersionDate "2008.07.14"]
[SourceQuality "2"]

1. e4 e6 2. d4 d5 3. Nd2 Nf6 4. e5 Nfd7 5. c3 c5 6. Bd3 Nc6 7. Ne2 cxd4 8. cxd4
f6 9. exf6 Nxf6 10. Nf3 Bd6 11. O-O Qb6 12. Nc3 O-O 13. Bg5 Kh8 14. Na4 Qc7 15.
Rc1 Qf7 16. Bh4 Qh5 17. Bg3 Bxg3 18. fxg3 e5 19. Nxe5 Bg4 20. Nxg4 Nxg4 21. h3
Nf6 22. Bb5 Qxd1 23. Rfxd1 Ne7 24. Nc5 Nf5 25. Nxb7 Nxg3 26. Kh2 Nf5 27. Nc5 h6
28. b3 Rac8 29. Ne6 Rg8 30. Bd3 Ne7 31. Re1 Rxc1 32. Rxc1 Rc8 33. Rc5 Kg8 34.
Ba6 Rc6 35. Rxc6 Nxc6 36. Bb5 Nb4 37. a4 Kf7 38. Nf4 Nc2 39. Ne2 Na1 40. Nc1
Nc2 41. Ne2 Na1 42. Nc1 Nc2 1/2-1/2

[Event "GBR-ch89"]
[Site "Torquay"]
[Date "2002.08.02"]
[Round "5"]
[White "Williams, Simon K"]
[Black "Barua, Dibyendu"]
[Result "0-1"]
[WhiteElo "2421"]
[BlackElo "2542"]
[PlyCount "52"]
[EventDate "2002.07.29"]
[EventType "swiss"]
[EventRounds "11"]
[EventCountry "GBR"]
[SourceTitle "BritBase"]
[Source "John Saunders"]
[SourceDate "2008.07.14"]
[SourceVersion "1"]
[SourceVersionDate "2008.07.14"]
[SourceQuality "2"]

1. d4 d5 2. c4 e6 3. Nc3 c6 4. e4 Bb4 5. e5 c5 6. a3 Ba5 7. b4 cxb4 8. Nb5 dxc4
9. Bxc4 Nc6 10. Qg4 Kf8 11. Nf3 b3+ 12. Ke2 f5 13. Qf4 Nge7 14. Nd6 Bc3 15. Rb1
Na5 16. Bxb3 Nxb3 17. Rxb3 Nd5 18. Qg3 Qa5 19. Rd1 Qa4 20. Qh4 Bd7 21. Bh6 Qxb3
22. Bxg7+ Kg8 23. Bf6 Qc2+ 24. Nd2 f4 25. N6e4 Bb5+ 26. Kf3 Qxd1# 0-1

[Event "GBR-ch89"]
[Site "Torquay"]
[Date "2002.08.02"]
[Round "5"]
[White "Willmoth, Robert"]
[Black "Aarthie, Ramaswamy"]
[Result "1-0"]
[WhiteElo "2198"]
[BlackElo "2290"]
[PlyCount "105"]
[EventDate "2002.07.29"]
[EventType "swiss"]
[EventRounds "11"]
[EventCountry "GBR"]
[SourceTitle "BritBase"]
[Source "John Saunders"]
[SourceDate "2008.07.14"]
[SourceVersion "1"]
[SourceVersionDate "2008.07.14"]
[SourceQuality "2"]

1. e4 c5 2. Nf3 Nc6 3. Bb5 e6 4. Bxc6 bxc6 5. d3 Ne7 6. Qe2 Ng6 7. O-O Be7 8.
c4 e5 9. Nc3 O-O 10. Be3 d6 11. Qc2 Bg4 12. Nd2 Bg5 13. h3 Bd7 14. Ne2 Nf4 15.
Bxf4 exf4 16. Rad1 f5 17. f3 Qf6 18. exf5 Qxf5 19. Ne4 Qg6 20. Qd2 Rad8 21. Kh2
Bf5 22. Nxg5 Qxg5 23. Qxf4 Qg6 24. Qd2 d5 25. Qc3 d4 26. Qd2 Rde8 27. Ng3 Re3
28. Ne4 Qe6 29. Rde1 Bxe4 30. fxe4 Rxf1 31. Rxf1 Qe5+ 32. Kg1 Qg3 33. Qa5 Qb8
34. Qxc5 Rxh3 35. Rf8+ Qxf8 36. Qxf8+ Kxf8 37. gxh3 c5 38. Kf2 Ke7 39. Kf3 Kf6
40. h4 Ke5 41. Kg4 a5 42. Kg5 a4 43. h5 Ke6 44. Kf4 Kf6 45. e5+ Ke6 46. Ke4 g6
47. hxg6 hxg6 48. Kf4 g5+ 49. Kxg5 Kxe5 50. Kg4 Ke6 51. Kf4 Kf6 52. Ke4 Ke6 53.
a3 1-0

[Event "GBR-ch89"]
[Site "Torquay"]
[Date "2002.08.02"]
[Round "5"]
[White "Woodward, Timothy"]
[Black "Devereaux, Max"]
[Result "1/2-1/2"]
[WhiteElo "2211"]
[BlackElo "2268"]
[PlyCount "107"]
[EventDate "2002.07.29"]
[EventType "swiss"]
[EventRounds "11"]
[EventCountry "GBR"]
[SourceTitle "BritBase"]
[Source "John Saunders"]
[SourceDate "2008.07.14"]
[SourceVersion "1"]
[SourceVersionDate "2008.07.14"]
[SourceQuality "2"]

1. d4 Nf6 2. c4 e6 3. g3 Bb4+ 4. Bd2 Qe7 5. Nf3 O-O 6. Bg2 Nc6 7. O-O Bxd2 8.
Nbxd2 d6 9. Qc2 a5 10. e4 e5 11. d5 Nb8 12. b3 Na6 13. a3 c6 14. Rab1 Bd7 15.
b4 axb4 16. axb4 Rfc8 17. Qb3 cxd5 18. cxd5 Bb5 19. Rfc1 Qd7 20. Ne1 Rxc1 21.
Rxc1 Rc8 22. Rc3 Ne8 23. Qa3 Rxc3 24. Qxc3 Qc7 25. Qxc7 Nexc7 26. Nc2 Ba4 27.
Ne3 g6 28. Ndc4 Ne8 29. Nb2 Bb5 30. Nc2 Kf8 31. Bf1 Bxf1 32. Kxf1 f5 33. exf5
gxf5 34. Ke2 Nf6 35. Ne3 f4 36. Nf5 Nxb4 37. Nxd6 b6 38. Ndc4 Nbxd5 39. Nxe5
Ke7 40. gxf4 Nxf4+ 41. Ke3 N4d5+ 42. Kd4 Ke6 43. Nbd3 Kf5 44. Nc4 h5 45. f3 h4
46. Nd6+ Ke6 47. Ne4 Nh7 48. h3 Nhf6 49. Nxf6 Nxf6 50. Nf4+ Kf5 51. Ng2 Nd7 52.
Nxh4+ Kf4 53. Kc4 Kg3 54. Nf5+ 1/2-1/2

[Event "GBR-ch89"]
[Site "Torquay"]
[Date "2002.08.03"]
[Round "6"]
[White "Aarthie, Ramaswamy"]
[Black "Martyn, Rafe"]
[Result "1-0"]
[WhiteElo "2290"]
[BlackElo "2201"]
[PlyCount "81"]
[EventDate "2002.07.29"]
[EventType "swiss"]
[EventRounds "11"]
[EventCountry "GBR"]
[SourceTitle "BritBase"]
[Source "John Saunders"]
[SourceDate "2008.07.14"]
[SourceVersion "1"]
[SourceVersionDate "2008.07.14"]
[SourceQuality "2"]

1. e4 d5 2. exd5 Qxd5 3. Nc3 Qa5 4. d4 Nf6 5. Nf3 c6 6. Bc4 Bf5 7. Bd2 e6 8.
Nd5 Qd8 9. Nxf6+ Qxf6 10. Qe2 Nd7 11. O-O-O Nb6 12. Bd3 Bxd3 13. Qxd3 Bd6 14.
Kb1 Qg6 15. Qe2 O-O 16. Ne5 Bxe5 17. dxe5 Rfd8 18. g4 Rd4 19. f3 Rad8 20. Be3
R4d5 21. a3 Nc4 22. Rxd5 exd5 23. Bc1 c5 24. Rd1 Qa6 25. Ka2 b5 26. f4 Qc6 27.
g5 d4 28. Kb1 Qg6 29. b3 Nb6 30. Qxb5 c4 31. Rxd4 Rb8 32. Bb2 cxb3 33. Qxb3 h6
34. gxh6 Qxh6 35. Qg3 Qc6 36. e6 f6 37. f5 Rc8 38. Qb3 Nc4 39. Ka2 a5 40. Rd7
Nd2 41. Rxd2 1-0

[Event "GBR-ch89"]
[Site "Torquay"]
[Date "2002.08.03"]
[Round "6"]
[White "Addison, Bret C"]
[Black "Richards, Heather"]
[Result "1/2-1/2"]
[WhiteElo "2219"]
[BlackElo "2275"]
[PlyCount "71"]
[EventDate "2002.07.29"]
[EventType "swiss"]
[EventRounds "11"]
[EventCountry "GBR"]
[SourceTitle "BritBase"]
[Source "John Saunders"]
[SourceDate "2008.07.14"]
[SourceVersion "1"]
[SourceVersionDate "2008.07.14"]
[SourceQuality "2"]

1. d4 e6 2. c4 Bb4+ 3. Nc3 b6 4. Qc2 Bb7 5. a3 Bxc3+ 6. Qxc3 f5 7. Nh3 Nf6 8.
f3 O-O 9. e3 Qe8 10. Be2 d6 11. O-O Nbd7 12. b4 c5 13. Bb2 Rc8 14. Rfd1 h6 15.
dxc5 dxc5 16. b5 Qe7 17. Nf4 Kh7 18. Nd3 Rc7 19. Ne5 Nxe5 20. Qxe5 Nd7 21. Qd6
Qg5 22. Qf4 e5 23. Qxg5 hxg5 24. Rd6 Re8 25. Rad1 Nf6 26. Bd3 e4 27. Bxf6 gxf6
28. fxe4 Bxe4 29. Be2 Kg6 30. Kf2 Rce7 31. Rd8 Rxd8 32. Rxd8 Kf7 33. Bf3 Ke6
34. h3 Ke5 35. Ke2 f4 36. Rc8 1/2-1/2